000 00237nam a2200121Ia 4500
100 _a#N/A
650 _aMangement
942 _cBK
654 _amotivational
245 _aMotivational Skills
260 _b#N/A
_c2008
546 _aENGLISH
999 _c28455
_d28455